[Event "Munich"]
[Site "Munich"]
[Date "1993.??.??"]
[Round "1"]
[White "Lobron, Eric"]
[Black "Huebner, Robert"]
[Result "1-0"]
[WhiteElo "2620"]
[BlackElo "2620"]

1.c4 c5 2.Nc3 g6 3.g3 Bg7 4.Bg2 e6 5.h4 Nf6 6.Nh3 Nc6 7.Nf4 h5 8.a3 O-O 9.O-O Ne7
10.b4 d5 11.cxd5 cxb4 12.axb4 Nexd5 13.Nfxd5 Nxd5 14.Bb2 Bd7 15.Qb3 Bc6 16.Ne4 a6
17.Bxg7 Kxg7 18.Qb2+ f6 19.Nc5 Qe7 20.Rfc1 Rac8 21.d4 f5 22.Re1 Nf6 23.Qb3 Bd5
24.Bxd5 exd5 25.b5 b6 26.Nxa6 Rc4 27.e3 Ne4 28.Qa3 Qd7 29.Nb4 Qxb5 30.Nd3 Rc7
31.Reb1 Qc6 32.Ne5 Qe6 33.Qa6 Rb8 34.Rc1 Qc8 35.Rxc7+ Qxc7 36.Qb5 Rd8 37.Kg2 Kh6
38.Qb2 Rc8 39.Ra2 Nd6 40.Ra6 Rb8 41.Qb4 Nc4 42.Nd3 Qd7 43.Nf4 Rd8 44.Kg1 g5
45.hxg5+ Kxg5 46.Rxb6 Nxb6 47.Qxb6 Rg8 48.Nh3+ Kg4 49.Kg2 f4 50.Qf6  1-0

[Event "Munich"]
[Site "Munich"]
[Date "1993.??.??"]
[Round "1"]
[White "Shirov, Alexei"]
[Black "Jussupow, Artur"]
[Result "1-0"]
[WhiteElo "2670"]
[BlackElo "2645"]

1.e4 e5 2.Nf3 Nf6 3.Nc3 Nc6 4.Bb5 Bb4 5.O-O O-O 6.d3 d6 7.Bg5 Bxc3 8.bxc3 Qe7
9.Re1 Nd8 10.d4 Bg4 11.h3 Bxf3 12.Qxf3 Ne6 13.Bh4 Rad8 14.Rad1 Nf4 15.Bg5 Ne6
16.h4 h6 17.Bc1 Kh8 18.g3 Nd7 19.Qh5 c6 20.Bf1 Qf6 21.Be3 Kg8 22.Bh3 Nb6
23.Rd3 Nc4 24.Rf1 Rfe8 25.f4 Nxe3 26.fxe5 Qg6 27.Qxg6 fxg6 28.Rxe3 dxe5 29.Rd1 Nc5
30.Bg2 Na4 31.Rb1 b5 32.d5 a6 33.c4 Rd6 34.Ra3 Rc8 35.Bh3 Rcd8 36.Rxa4 bxa4
37.c5 Rf6 38.c4 Kf8 39.Rb6 cxd5 40.exd5 Rf3 41.c6 Rxg3+ 42.Kh2 Rc3 43.c7 Re8
44.Rb8 Rxc4 45.d6  1-0

[Event "Munich"]
[Site "Munich"]
[Date "1993.??.??"]
[Round "2"]
[White "Hertneck, Gerald"]
[Black "Shirov, Alexei"]
[Result "1-0"]
[WhiteElo "2575"]
[BlackElo "2670"]

1.d4 d5 2.c4 c6 3.Nc3 Nf6 4.cxd5 cxd5 5.Bf4 Nc6 6.e3 a6 7.Bd3 Bg4 8.Nge2 e6
9.O-O Be7 10.a3 O-O 11.b4 Rc8 12.Na4 a5 13.b5 Nb8 14.f3 Bh5 15.Qb3 Bd6 16.Rfc1 Qe7
17.Nb6 Rce8 18.Qc3 e5 19.dxe5 Bxe5 20.Bxe5 Qxe5 21.Qxe5 Rxe5 22.Kf2 Rfe8
23.Rc7 Rxe3 24.Nf4 Bg6 25.Rd1 R3e7 26.Rxe7 Rxe7 27.Bxg6 fxg6 28.Nfxd5 Re8
29.Nxf6+ gxf6 30.a4 Kf8 31.Nc4 Rc8 32.Nxa5 b6 33.Nb3 Ke7 34.Re1+ Kd6 35.Nd2 Rc2
36.Ke3 Ra2 37.Ne4+ Ke6 38.Kd3 Rxg2 39.Nd2+ Kd7 40.Nc4 Kc7 41.Re7+ Nd7 42.Rxh7 Kd8
43.Kd4 Rf2 44.Kd5 Rxf3 45.Kc6 Ne5+ 46.Nxe5 fxe5 47.Rh8+ Ke7 48.Kxb6 e4 49.Rh4 Rf6+
50.Ka7 e3 51.b6 e2 52.Re4+ Re6 53.Rxe2 Rxe2 54.a5 Rxh2 55.b7  1-0

[Event "Munich"]
[Site "Munich"]
[Date "1993.??.??"]
[Round "2"]
[White "Jussupow, Artur"]
[Black "Gurevich, Mikhail"]
[Result "1-0"]
[WhiteElo "2645"]
[BlackElo "2610"]

1.d4 d5 2.c4 c6 3.Nf3 Nf6 4.Nc3 e6 5.Bg5 h6 6.Bxf6 Qxf6 7.e3 Nd7 8.Bd3 dxc4
9.Bxc4 Bd6 10.O-O Qe7 11.Ne4 Bc7 12.Rc1 O-O 13.Qc2 Rd8 14.Rfd1 a5 15.Bb3 Nf8
16.a3 Bd7 17.Nc5 Rab8 18.e4 Bc8 19.Nd3 Ng6 20.e5 Nh4 21.Nde1 Nxf3+ 22.Nxf3 Bd7
23.Qe4 c5 24.Rxc5 Bc6 25.Qf4 Bxf3 26.gxf3 b5 27.Kh1 Bb6 28.Rxb5 Ba7 29.Rxb8 Rxb8
30.Bc4 Rxb2 31.d5 exd5 32.Rxd5 Bxf2 33.Rxa5 Qd8 34.Bxf7+ Kh8 35.Bd5 Be3 36.Qa4 Rb1+
37.Kg2 Qg5+ 38.Kh3 Qxe5 39.Ra8+ Rb8 40.Rxb8+ Qxb8 41.Qc2 Bf4 42.a4 Bc7 43.Qg6 Qc8+
44.Be6 Qa8 45.Qf7 Qd8 46.Bf5 Qa8 47.Kg4 Bxh2 48.Qg6 Kg8 49.Be6+ Kh8 50.a5 Qb8
51.Kh3 Bc7 52.Bf5 Kg8 53.Be6+ Kh8 54.a6 Bb6 55.Bf5 Kg8 56.Qe6+ Kh8 57.Qg6 Kg8
58.Be4 Qc8+ 59.Kg2 Qd8 60.Qe6+ Kh8 61.Kh3 Qb8 62.Qf5 Kg8 63.f4 Qd8 64.Kg3 Ba7
65.Bb1 Bf2+ 66.Kg2 Qd2 67.Qe6+ Kf8 68.Kf3 Bg1 69.Qf5+ Ke7 70.Qe5+ Kd8 71.Qb8+ Ke7
72.Qc7+ Kf8 73.Qc8+ Ke7 74.Qb7+ Kd8 75.Be4 Qf2+ 76.Kg4 Qa7 77.Qb3 Bd4 78.Bf5 Kc7
79.Qd5 Bf6 80.Qd7+ Kb6 81.Qd6+ Ka5 82.Qa3+ Kb5 83.Bd3+ Kc6 84.Qc1+ Kd6 85.Bb5 Bd4
86.Qc6+ Ke7 87.f5 Qb6 88.Qd7+ Kf6 89.Bc4 h5+ 90.Kxh5 Ke5 91.Kg4 Qd6 92.Qxg7+ Ke4
93.Qb7+ Ke5 94.Qh1 Qc5 95.Qh2+ Kf6 96.Qh6+ Ke7 97.Qe6+ Kd8 98.Qd5+  1-0

[Event "Munich"]
[Site "Munich"]
[Date "1993.??.??"]
[Round "2"]
[White "Hjartarson, Johann"]
[Black "Lutz, Christopher"]
[Result "0-1"]
[WhiteElo "2625"]
[BlackElo "2550"]

1.e4 c5 2.Nf3 d6 3.d4 cxd4 4.Nxd4 Nf6 5.Nc3 Nc6 6.Be2 e5 7.Nf3 h6 8.O-O Be7
9.Re1 O-O 10.h3 Be6 11.Bf1 Nb8 12.b3 a6 13.a4 Nbd7 14.Bb2 Qc7 15.Nd5 Nxd5
16.exd5 Bf5 17.c4 Bd8 18.a5 b6 19.b4 bxa5 20.Rxa5 Qb8 21.Ra4 a5 22.Qa1 Bc7
23.b5 Bb6 24.Bc1 Nc5 25.Ra3 Bh7 26.Nd2 a4 27.Kh1 Qa7 28.Bb2 f5 29.Bc3 f4
30.f3 Qe7 31.Bb4 Qh4 32.Ne4 Bxe4 33.fxe4 Nb3 34.Qd1 f3 35.gxf3 Bf2 36.b6 Bxe1
37.Bxe1 Qd8 38.Bf2 Nc5 39.Bxc5 dxc5 40.b7 Rb8 41.d6 Kh8 42.Qd5 Qb6 43.Qxe5 Rxb7
44.Qd5 Qb1 45.Qd3 Qe1 46.Qe2 Qc1 47.Rd3 Rb1 48.Kg1 Rb2 49.Qd1 Qg5+ 50.Kh1 Qg3
51.Be2 Qxh3+ 52.Kg1 Qg3+ 53.Kf1 Rf6  0-1

[Event "Munich"]
[Site "Munich"]
[Date "1993.??.??"]
[Round "3"]
[White "Lutz, Christopher"]
[Black "Lobron, Eric"]
[Result "1/2-1/2"]
[WhiteElo "2550"]
[BlackElo "2620"]

1.d4 Nf6 2.c4 e6 3.Nf3 d5 4.Bg5 Be7 5.Nc3 h6 6.Bh4 O-O 7.e3 b6 8.Be2 Bb7
9.Bxf6 Bxf6 10.cxd5 exd5 11.b4 c6 12.O-O Re8 13.Qb3 a5 14.bxa5 Rxa5 15.a4 Nd7
16.Rfe1 Ba6 17.Rac1 Bxe2 18.Rxe2 c5 19.Nxd5 cxd4 20.Nxf6+ Qxf6 21.Nxd4 Nc5
22.Qd1 Rea8 23.h3 Rxa4 24.Rb1 Ra2 25.Rxa2 Rxa2 26.Qf3 Qxf3 27.Nxf3 Ne4  1/2-1/2

[Event "Munich"]
[Site "Munich"]
[Date "1993.??.??"]
[Round "4"]
[White "Hjartarson, Johann"]
[Black "Shirov, Alexei"]
[Result "1/2-1/2"]
[WhiteElo "2625"]
[BlackElo "2670"]

1.e4 c5 2.Nc3 Nc6 3.g3 g6 4.Bg2 Bg7 5.d3 e6 6.Be3 d6 7.Qd2 Nge7 8.h4 h5 9.Nh3 Rb8
10.O-O b5 11.Rae1 b4 12.Nd1 Qa5 13.f4 Qxa2 14.f5 Be5 15.fxg6 Nxg6 16.Qf2 Rb7
17.Nf4 Nd4 18.Kh1 Bg7 19.Nxg6 fxg6 20.e5 Rf8 21.Qd2 Rxf1+ 22.Rxf1 Nf5 23.Bc6+ Rd7
24.exd6 Bb7 25.Qg2 Bxc6 26.Qxc6 Qd5+ 27.Qxd5 exd5 28.Re1 Nxg3+ 29.Kg2 Nf5
30.Bxc5+ Kf7 31.Ne3 Nxd6 32.Bxb4 Bxb2 33.Nxd5 Nf5 34.Ne3 Nxh4+ 35.Kh3 g5
36.Nc4 Bf6 37.Ne5+ Bxe5 38.Rxe5 Nf3 39.Ra5 Kg6 40.Bc5 Ne1 41.Be3 g4+ 42.Kg3 Nxc2
43.Ra6+ Kg7 44.Bxa7 Ne1 45.Ra5  1/2-1/2

[Event "Munich"]
[Site "Munich"]
[Date "1993.??.??"]
[Round "5"]
[White "Jussupow, Artur"]
[Black "Hertneck, Gerald"]
[Result "1-0"]
[WhiteElo "2645"]
[BlackElo "2575"]

1.d4 d5 2.c4 c6 3.Nf3 Nf6 4.Nc3 dxc4 5.a4 Bf5 6.Ne5 e6 7.f3 Bb4 8.Bg5 h6
9.Bh4 c5 10.dxc5 Qxd1+ 11.Kxd1 Nbd7 12.Nxd7 O-O-O 13.e4 Rxd7+ 14.Kc2 Bh7
15.Bxc4 Bxc5 16.a5 g5 17.Bg3 Nh5 18.Bb5 Re7 19.Be5 f6 20.Na4 fxe5 21.Nxc5 Nf4
22.Rhc1 Nxg2 23.Kb3 Rc7 24.a6 b6 25.Nd7 g4 26.Nxe5 Rf8 27.Rxc7+ Kxc7 28.Rd1  1-0

[Event "Munich"]
[Site "Munich"]
[Date "1993.??.??"]
[Round "6"]
[White "Lobron, Eric"]
[Black "Gurevich, Mikhail"]
[Result "0-1"]
[WhiteElo "2620"]
[BlackElo "2610"]

1.d4 d5 2.c4 c6 3.Nc3 Nf6 4.Nf3 e6 5.Bg5 h6 6.Bxf6 Qxf6 7.e3 Nd7 8.Bd3 Qd8
9.Qc2 Be7 10.cxd5 exd5 11.O-O-O Nf6 12.h3 Bd6 13.Ne5 Qe7 14.f4 Be6 15.Kb1 O-O-O
16.Rc1 Kb8 17.g4 Rc8 18.Na4 Rc7 19.Rh2 Rhc8 20.Qd1 c5 21.Nxc5 Bxc5 22.dxc5 Rxc5
23.Rhc2 Nd7 24.Nf3 Rxc2 25.Bxc2 Nb6 26.Qd4 f6 27.Bd3 Rxc1+ 28.Kxc1 Qd6 29.Nd2 Nc8
30.Kd1 Bd7 31.a3 h5 32.Be2 hxg4 33.hxg4 b6 34.Bf3 Bc6 35.Nb1 Qc5 36.Qxc5 bxc5
37.b4 cxb4 38.axb4 Ne7 39.Nd2 Kc7 40.Kc2 Kd6 41.Kc3 g5 42.fxg5 fxg5 43.Nb3 Ng6
44.Be2 Ne5 45.Nd4 Bd7 46.Nf3 Nxf3 47.Bxf3 Ke5 48.Kd3 Bb5+ 49.Kd2 d4 50.Bb7 Be8
51.Bf3 Bg6 52.Bb7 Be4 53.Bc8 Bc6 54.Ba6 Bd7 55.Be2 Kd5 56.Bf3+ Kc4 57.Be2+ Kxb4
58.exd4 a5 59.Kc2 Bc6 60.Kb2 Bd5 61.Bd3  0-1

[Event "Munich"]
[Site "Munich"]
[Date "1993.??.??"]
[Round "11"]
[White "Hertneck, Gerald"]
[Black "Lutz, Christopher"]
[Result "1/2-1/2"]
[WhiteElo "2575"]
[BlackElo "2550"]

1.d4 d6 2.e4 Nf6 3.f3 e5 4.dxe5 dxe5 5.Qxd8+ Kxd8 6.Bc4 Be6 7.Bxe6 fxe6 8.Be3 Bd6
9.Ne2 Ke7 10.Nd2 a6 11.a4 Nc6 12.c3 Nd7 13.Nc1 b5 14.Nd3 Na5 15.b4 Nb7 16.Nb3 bxa4
17.Rxa4 Rhc8 18.Kd2 c5 19.bxc5 Bxc5 20.Bg5+ Kf8 21.Rha1 a5 22.Ke2 Bd6 23.Nxa5 Rxa5
24.Rxa5 Nxa5 25.Rxa5 Rxc3 26.Ra6 Be7 27.Ra8+ Kf7 28.Ra7 Bxg5 29.Rxd7+ Kf6
30.g3 Rc2+ 31.Kf1 Be3 32.h4 Rc3 33.Ke2 Bd4 34.f4 Rc2+ 35.Kf3 Rc3 36.fxe5+ Bxe5
37.g4 h6 38.Ke2 Bg3 39.g5+ hxg5 40.hxg5+ Kg6 41.Kf3 Bh4 42.Kg4 Bxg5 43.Rd6 Bf6
44.Nf4+  1/2-1/2